Largest Cities In Oklahoma - Statistics

General Stats
  • This quiz has been taken 14 times
  • The average score is 10 of 20
Answer Stats
Rank Population City % Correct
1 637,284 Oklahoma City
100%
2 402,223 Tulsa
100%
3 121,090 Norman
92%
4 107,500 Broken Arrow
77%
5 94,697 Lawton
77%
6 91,053 Edmond
69%
9 50,612 Enid
69%
7 60,807 Moore
69%
10 49,527 Stillwater
62%
18 24,424 Ponca City
46%
17 24,892 Ardmore
38%
8 57,292 Midwest City
38%
11 37,900 Muskogee
38%
12 36,448 Bartlesville
31%
14 31,141 Shawnee
31%
13 35,646 Owasso
23%
16 25,818 Bixby
15%
20 21,874 Del City
15%
19 22,823 Duncan
15%
15 26,317 Yukon
15%
No matching quizzes found
Score Distribution
Percent of People with Each Score
Percentile by Number Answered
Your Score History
You have not taken this quiz